00477nam a2200169Ia 450000500170000000800410001704000190005804100120007708200250008910000170011424500320013126000340016330000100019765000670020765100230027485600100029720230426154730.0131103s9999 xx 000 0 und d aLoreto College aEnglish aTAG 891.44 bTAG-CHA aChanda, Rani aSab hotay apancRani Chanda aCalcuttabViswa-Bharatic1984 a247p  aTagore, Rabindranath, 1861-1941 - Criticism and Interpretation aBengali Literature uLCLIB